000 00664nam a2200121Ia 4500
008 220620s9999||||xx |||||||||||||| ||und||
100 _aBesemeres, John
245 2 _aA Difficult Neighbourhood
546 _aEnglish[eng]
650 _arussia||politics||history||eastern europe||international relations||Moscow||Poland||Ukraine||Viktor Yanukovych||Vladimir Putin
856 _uhttps://library.oapen.org/bitstream/20.500.12657/31950/1/621492.pdf||https://library.oapen.org/bitstream/20.500.12657/31950/1/621492.pdf||https://library.oapen.org/bitstream/20.500.12657/31950/1/621492.pdf||https://library.oapen.org/bitstream/20.500.12657/31950/1/621492.pdf
942 _cEB
999 _c33370
_d33370